Esclavitud y abolición en el Caribe inglés : la función de la rebelión esclava /
Guardado en:
| Autor principal: | |
|---|---|
| Formato: | Desconocido |
| Lenguaje: | Spanish |
| Materias: | |
| Etiquetas: |
Agregar Etiqueta
Sin Etiquetas, Sea el primero en etiquetar este registro!
|
MARC
| LEADER | 000000000a22000000004500 | ||
|---|---|---|---|
| 001 | 006657 | ||
| 041 | 0 | |a spa | |
| 100 | 1 | |a Turner, Mary | |
| 245 | 1 | 0 | |a Esclavitud y abolición en el Caribe inglés : |b la función de la rebelión esclava / |c Mary Turner. |
| 310 | |a trimestral | ||
| 650 | 4 | |a EL CARIBE | |
| 650 | 4 | |a REBELIÓN | |
| 650 | 4 | |a ESCLAVOS | |
| 650 | 4 | |a JAMAICA | |
| 650 | 4 | |a REVOLUCIONES | |
| 650 | 4 | |a ABOLICIONISTAS | |
| 650 | 4 | |a MISIONEROS | |
| 650 | 4 | |a ESCLAVITUD | |
| 773 | 0 | |d Cuba : Casa del Caribe |t Revista del Caribe |g volumen 4, número 8 (1987), páginas 24-32 | |
| 942 | |c ARC | ||
| 999 | |c 12939 |d 12939 | ||
